000 00488nam a2200169Ia 4500
008 090711s9999 xx 000 0 und d
082 _b40415
100 _aराजवाडे राजा
245 _aस्वप्नगंधा
260 _c1979
300 _a172
600 _aराजवाडे राजा
630 _aस्वप्नगंधा
700 _aराजवाडे राजा
730 _aस्वप्नगंधा
942 _cBOOK
999 _c305869
_d305869